Score 0/30 Timer 07:00
2 Plays Today
% Correct
Very
96%
Violet
96%
Vice
95.7%
Ventilation
95.1%
Valuable
94.5%
Virgin
94%
View
94%
Video
93.4%
Vision
93%
Vehicle
92.5%
Virus
92.4%
Ventured
91.9%
vous
91.3%
Venereal
91.1%
venous
89%
% Correct
Value
88.3%
Vs.
88.2%
Vein
87.3%
Visual
86.5%
Vitae
83.5%
Veterans
82.4%
Volt
80%
Village
78.8%
Voice
78.1%
Victory
73.7%
Vital
71.1%
Volatile
67.4%
Virtual
62.3%
Vintners
47%
Victor
34%
Remove Ads.
Support Sporcle.
Get the best of Sporcle when you Go Orange. This ad-free experience offers more features, more stats, and more fun while also helping to support Sporcle. Thank you for becoming a member.

You're not logged in!

Compare scores with friends on all Sporcle quizzes.
OR
Log In

Show Comments

Extras

Top Quizzes Today


Score Distribution

Your Account Isn't Verified!

In order to create a playlist on Sporcle, you need to verify the email address you used during registration. Go to your Sporcle Settings to finish the process.

Report this User

Report this user for behavior that violates our Community Guidelines.

Details: